|
|
|
|
| LEADER |
00000nam0a2200000 4500 |
| 001 |
211957 |
| 005 |
20231031192751.0 |
| 010 |
|
|
|a 9785397023108
|
| 035 |
|
|
|a (RuTPU)RU\TPU\book\231575
|
| 090 |
|
|
|a 211957
|
| 100 |
|
|
|a 20120321d2012 m y0rusy50 ca
|
| 101 |
0 |
|
|a rus
|
| 102 |
|
|
|a RU
|
| 105 |
|
|
|a y j 000zy
|
| 200 |
1 |
|
|a Системная диагностика экономики региона
|f О. В. Кузнецова, А. В. Кузнецов
|
| 205 |
|
|
|a 3-е изд.
|
| 210 |
|
|
|a Москва
|c Либроком
|d 2012
|
| 215 |
|
|
|a 231 с.
|
| 330 |
|
|
|a В настоящей книге рассматриваются наиболее типичные проблемы системной диагностики экономики российских регионов. Особое внимание уделено специфике существующей информационной базы для диагностики, расчета и интерпретации частных и интегральных показателей состояния и развития экономики региона, решения ряда прикладных задач диагностики. Важное место в книге отведено практическому применению отдельных индикаторов системной диагностики экономики регионов разными группами ее потребителей: федеральными и региональными органами власти, научным сообществом и представителями частного бизнеса. Книга представляет собой методическое пособие, адресованное широкому кругу читателей — студентам, исследователям-регионалистам и специалистам-практикам.
|
| 606 |
1 |
|
|a Региональная экономика
|2 stltpush
|3 (RuTPU)RU\TPU\subj\38035
|
| 610 |
1 |
|
|a регионы
|
| 610 |
1 |
|
|a системная диагностика
|
| 610 |
1 |
|
|a информационная база
|
| 610 |
1 |
|
|a экономическое развитие
|
| 610 |
1 |
|
|a валовой региональный продукт
|
| 610 |
1 |
|
|a ВРП
|
| 610 |
1 |
|
|a экономические индикаторы
|
| 610 |
1 |
|
|a промышленность
|
| 610 |
1 |
|
|a сельское хозяйство
|
| 610 |
1 |
|
|a строительство
|
| 610 |
1 |
|
|a сфера услуг
|
| 610 |
1 |
|
|a инфраструктура
|
| 610 |
1 |
|
|a инвестиционный процесс
|
| 610 |
1 |
|
|a интегральные оценки
|
| 610 |
1 |
|
|a инвестиционная привлекательность
|
| 610 |
1 |
|
|a рейтинги
|
| 610 |
1 |
|
|a Российская Федерация
|
| 686 |
|
|
|a У04(2)
|v LBC/SL-A
|2 rubbk
|
| 700 |
|
1 |
|a Кузнецова
|b О. В.
|g Ольга Владимировна
|
| 701 |
|
1 |
|a Кузнецов
|b А. В.
|g Алексей Владимирович
|
| 801 |
|
1 |
|a RU
|b 63413507
|c 20120321
|
| 801 |
|
2 |
|a RU
|b 63413507
|c 20150506
|g RCR
|
| 942 |
|
|
|c BK
|
| 959 |
|
|
|a 44/20120321
|d 2
|e 322,10
|f ЧЗТЛ:1
|f АНЛ:1
|